Vista normal
Vista MARC
Entrada Topical Term
Número de registros utilizados en: 3
001 - CONTROL NUMBER
- control field: 3985
003 - CONTROL NUMBER IDENTIFIER
- control field: OSt
005 - DATE AND TIME OF LATEST TRANSACTION
- control field: 20200506104657.0
008 - FIXED-LENGTH DATA ELEMENTS
- fixed length control field: 200506|| aca||aabn | a|a d
040 ## - CATALOGING SOURCE
- Original cataloging agency: OSt
- Transcribing agency: OSt
150 ## - HEADING--TOPICAL TERM
- Topical term or geographic name entry element: Cooperación regional
670 ## - SOURCE DATA FOUND
- Source citation: Work cat.: (OSt)5038: Rincón Avellaneda, Patricia, autora 3983, Región central de Colombia : , 2005